| Поле | Инд. | ПП | Название | Значение |
|---|---|---|---|---|
| Тип записи | a | |||
| Библиографический уровень | m | |||
| 001 | Контрольный номер | RU/IS/BASE/291307912 | ||
| 005 | Дата корректировки | 20251024142353.8 | ||
| 020 | a | ISBN | 9785382008073 | |
| 084 | a | Индекс другой классификации/Индекс ББК | 66.4(0),303; 68.1(0); 68.1(2Рос); 68.013.2 | |
| 090 | a | Полочн. индекс | 66.4(0),303 | |
| x | Авторский знак | Г 317 | ||
| 100 | 1_ | a | Автор | Геловани В. А. |
| q | Полное имя | Геловани Виктор Арчилович | ||
| 100 | 1_ | a | Автор | Пионтковский А. А. |
| q | Полное имя | Пионтковский Андрей Андреевич | ||
| 245 | 10 | a | Заглавие | Эволюция концепций стратегической стабильности: Ядерное оружие в XX и XXI веке |
| c | Ответственность | под редакцией С. В. Емельянова; предисловие Е. П. Велихова | ||
| 250 | a | Основные сведения об издании | 2-е изд. | |
| 260 | c | Дата издания | 2008 | |
| b | Издательство | Издательство ЛКИ | ||
| a | Место издания | Москва | ||
| 300 | a | Объем | 112 с. | |
| 336 | a | Термин вида содержания | Текст | |
| 337 | a | Термин типа средства | непосредственный | |
| 504 | a | Библиография | Лит.: с. 110 | |
| 650 | 04 | a | Основная рубрика | внешняя политика |
| a | Основная рубрика | военная политика | ||
| a | Основная рубрика | военное дело | ||
| a | Основная рубрика | международные отношения | ||
| a | Основная рубрика | политика | ||
| 653 | 0_ | a | Ключевые слова | MAD-стабильность |
| a | Ключевые слова | MAP-стабильность | ||
| a | Ключевые слова | баланс сил | ||
| a | Ключевые слова | взаимное гарантированное уничтожение (ВГУ) | ||
| a | Ключевые слова | военная конфликтология | ||
| a | Ключевые слова | военные доктрины | ||
| a | Ключевые слова | вооружение | ||
| a | Ключевые слова | глобальная система защиты (ГСЗ) | ||
| a | Ключевые слова | Европа | ||
| a | Ключевые слова | индекс стабильности по первому удару | ||
| a | Ключевые слова | международная безопасность | ||
| a | Ключевые слова | международные проблемы | ||
| a | Ключевые слова | моделирование | ||
| a | Ключевые слова | модель стратегической стабильности двух государств | ||
| a | Ключевые слова | национальная безопасность | ||
| a | Ключевые слова | противовоздушная оборона (ПВО) | ||
| a | Ключевые слова | Россия | ||
| a | Ключевые слова | система стратегических сил двух государств | ||
| a | Ключевые слова | системный подход | ||
| a | Ключевые слова | стабильность | ||
| a | Ключевые слова | стратегическая оборонная инициатива (СОИ) | ||
| a | Ключевые слова | стратегическая стабильность | ||
| a | Ключевые слова | США | ||
| a | Ключевые слова | холодная война | ||
| a | Ключевые слова | эскалация конфликтов | ||
| a | Ключевые слова | ядерное оружие (атомное оружие) | ||
| 700 | 12 | a | Автор | Емельянов С. В. |
| e | Роль лиц | редактор | ||
| 700 | 1_ | a | Автор | Велихов Е. П. |
| e | Роль лиц | автор предисловия | ||
| 720 | a | Наименование подборки | К юбилею А. Д. Сахарова | |
| e | Признак/вид подборки | Тематические подборки | ||
| 901 | t | Тип документа | m | |
| 952 | a | Тип литературы для КСУ ВШ | НАУ |